000 00367nam a2200133Ia 4500
008 240624s9999 xx 000 0 und d
041 _aeng
082 _a020 MAX
100 _aMAXWELL ROBERT L
245 _aMAXWELL S HAND BOOK FOR ANGLO AMERICAN C
260 _c2009
_aNew Delhi
_bIndiana Publishing House
300 _axxii, : 519 : p. : cm. ; 26
365 _cRS
_b20
999 _c13170
_d13170